| 000 | 01255cam a2200349 a 4500 | ||
|---|---|---|---|
| 999 |
_c527315 _d527315 |
||
| 001 | 15942549 | ||
| 003 | NUST | ||
| 005 | 20190725053211.0 | ||
| 008 | 091013s2011 njua 001 0 eng | ||
| 010 | _a 2009039790 | ||
| 020 | _a9789332518407 (alk. paper) | ||
| 020 | _a0138003319 (alk. paper) | ||
| 035 | _a(OCoLC)ocn456977334 | ||
| 038 | _aFaiza | ||
| 040 |
_aDLC _cDLC _dYDX _dYDXCP _dBWX _dDLC |
||
| 050 | 0 | 0 |
_aTJ223.P76 _bM378136 2011 |
| 082 | 0 | 0 |
_a004.16 _222 _bMAZ |
| 100 | 1 |
_aMazidi, Muhammad Ali. _918480 |
|
| 245 | 1 | 4 |
_aThe AVR microcontroller and embedded systems : _busing Assembly and C / _cMuhammad Ali Mazidi, Sarmad Naimi, Sepehr Naimi. |
| 260 |
_aIndia : _bDorling Kindersley, _cc2014. |
||
| 300 |
_a743 p. : _bill. ; _c29 cm. |
||
| 500 | _aIncludes index. | ||
| 650 | 0 |
_aAtmel AVR microcontroller. _918481 |
|
| 650 | 0 |
_aEmbedded computer systems. _917999 |
|
| 650 | 0 |
_aAssembly languages (Electronic computers) _918482 |
|
| 650 | 0 |
_aC (Computer program language) _91226 |
|
| 700 | 1 |
_aNaimi, Sarmad. _918483 |
|
| 700 | 1 |
_aNaimi, Sepehr. _918484 |
|
| 906 |
_a7 _bcbc _corignew _d1 _eecip _f20 _gy-gencatlg |
||
| 942 |
_2ddc _cBK |
||